000 00957nas a2200289 4500
001 BR2018002696
003 BR-BrBNA
005 20231205131519.0
007 ta
008 230509b bl.|||p| |||| 00| 00por d
040 _aBR-BrBNA
_bpor
_cBiblioteca Nacional de Agricultura
041 _a(En)
072 _aP33
100 1 _aVanegas, J.J.C.
100 1 _aZambrano, K.B.M.
100 1 _aAvellaneda-Torre, L.M.
245 1 _aEffect of ecological and conventional managements on soil enzymatic activities in coffee agroecosystems
650 _aCAFÉ
650 _aANÁLISE DO SOLO
650 _aPROPRIEDADE FÍSICO-QUÍMICA
650 _aPROTEASE
650 _aUREASE
773 0 _tPesquisa Agropecuária Tropical (Brazil)
_xISSN 1983-4063
_g(Oct-Dec 2018), v. 48(4) p. 420-428
_wBR2018002696
856 4 0 _uhttp://www.scielo.br/pdf/pat/v48n4/1983-4063-pat-48-04-0420.pdf
909 _a202311
_bLúcia
_c55
_dLúcia Elande
942 _2AGRIS
_n0
_cANA
999 _c255218
_d255218